Lecciones sobre la historia de la r. argentina. tomo i /

Guardado en:
Autor Principal: Estrada, José Manuel
Formato: Libro
Publicado: Buenos Aires : Cient¡fica, 1925
Edición:3
Materias:
Etiquetas: Agregar Etiqueta
Sin Etiquetas, Sea el primero en etiquetar este registro!
LEADER 00609nam a22001935a 4500
001 CEM.cems002335
005 20060216000000.0
008 130507s1925##################000#0#####d
003 CEMS
082 0 4 |a 982 
100 1 |a Estrada, José Manuel 
245 1 0 |a Lecciones sobre la historia de la r. argentina. tomo i /  |c José Manuel Estrada 
250 |a 3 
260 |a Buenos Aires :  |b Cient¡fica,  |c 1925 
300 |a 392 p. 
653 |a Historia 
653 |a Historia argentina 
859 |a CEMS  |b BIB. CEMS - 11 de abril  |h 982  |i Es88a3/I  |p 9505.81  |t Ej.1 
859 |a CEMS  |b BIB. CEMS - 11 de abril  |h 982  |i Es88a3/I  |p 9506.81  |t Ej.2